000 00621nam a22002417a 4500
003 UA-OsUOA
001 31258
007 ta
008 20041208b un ||||| |||| 00| 0 ukr d
100 _aЛозінський К.
090 _a342.72/73(510)
_bЛ72
942 _cBK
040 _aUA-OsUOA
_bukr
_cUA-OsUOA
_dUA-OsUOA
245 _aПекло червоних імператорів
_bКитай і права людини
300 _a139 с.
955 _a0
041 _aukr
080 _a342.72/73(510)
260 _aЛьвів
_bАрсенал
_c1997
044 _aUA
650 7 _2UDC
999 _c317680
_d317680